| Поле | Название | Значение |
| |
Тип записи |
a |
| |
Библиографический уровень |
m |
| 001 |
Контрольный номер |
RU\NLR\BIBL_A\010358256 |
| 005 |
Дата корректировки |
20201206204936.8 |
| 010 |
Индекс ISBN |
__ |
| a |
ISBN |
978-5-17-084040-3 (в пер.) |
| d |
Цена |
738-10 |
| 100 |
Данные общей обработки |
__ |
| a |
Данные общей обработки |
19150205d2014||||||| 0rusy0189 ca |
| 101 |
Язык документа |
1_ |
| a |
Язык текста |
rus |
| c |
Язык оригинала |
eng |
| 102 |
Страна публикации |
__ |
| a |
Страна публикации |
RU| |
| 105 |
Кодированные данные (монография) |
__ |
| a |
Кодированные данные (монография) |
y||||||||||zy |
| 200 |
Заглавие и сведения об ответственности |
1_ |
| a |
Заглавие |
Zealot. Иисус: биография фанатика |
| f |
Первые сведения об ответственности |
Реза Аслан ; [перевод с английского Т. Новиковой] |
| b |
Общее обозначение материала |
Текст |
| 210 |
Выходные данные |
__ |
| a |
Место издания |
Москва |
| c |
Издательство |
АСТ |
| d |
Дата издания |
2014 |
| 215 |
Физическое описание |
__ |
| a |
Объем |
351 с. |
| c |
Иллюстрации/тип воспроизводства |
ил., карта |
| d |
Формат |
24 см |
| 300 |
Общие примечания |
__ |
| a |
Общие примечания |
5000 экз. |
| 320 |
Библиография |
__ |
| a |
Библиография |
Библиогр.: с. 325-338 |
| 320 |
Библиография |
__ |
| a |
Библиография |
Указ.: с. 339-351 |
| 330 |
Аннотация |
__ |
| a |
Аннотация |
Биография Иисуса Христа - это Евангелие. Биография Иисуса Человека - перед вами. По мнению критиков, эту книгу будут читать и в следующем тысячелетии... По мнению верующих, это именно тот Иисус, которого представляет себе каждый, кто верит. По мнению атеистов, это именно тот Иисус, который полностью изменил ход истории. Ватикан призвал запретить книгу католика Дэна Брауна "Код да Винчи", как лжесвидетельство. Книгу нехристианина Аслана священники рекомендуют к прочтению! Булгаков в романе "Мастер и Маргарита" дал художественное описание эпизодов из жизни Иисуса Христа. Резо Аслан дает историческое обоснование того, что эти события действительно происходили. Повествование в "Зеалоте" движется в хорошем темпе, а сложные проблемы объясняются максимально доступно. |
| 517 |
Другие варианты заглавия |
__ |
| a |
Другие варианты заглавия |
Иисус: биография фанатика |
| 517 |
Другие варианты заглавия |
__ |
| a |
Другие варианты заглавия |
Зеалот |
| 600 |
Персоналии |
__ |
| a |
Персоналии (Фамилия) |
Иисус Христос |
| f |
Даты |
12 г. до н. э.-4 г. н. э.-26-36 гг. н. э. |
| 600 |
Персоналии |
__ |
| a |
Персоналии (Фамилия) |
Христос |
| f |
Даты |
12 г. до н. э.-4 г. н. э-26-36 гг. н. э. |
| 600 |
Персоналии |
__ |
| a |
Персоналии (Фамилия) |
Иисус из Назарета |
| f |
Даты |
12 г. до н. э.-4 г. н. э-26-36 гг. н. э. |
| 606 |
Тематические рубрики |
__ |
| a |
Основная рубрика |
Религия. Мистика. Свободомыслие |
| 606 |
Тематические рубрики |
__ |
| a |
Основная рубрика |
Христианство в целом |
| 610 |
Ключевые слова |
__ |
| a |
Ключевые слова |
персоналии |
| a |
Ключевые слова |
религиозная мифология |
| a |
Ключевые слова |
религиозная философия |
| a |
Ключевые слова |
религиозные деятели |
| a |
Ключевые слова |
религиозные мифы |
| a |
Ключевые слова |
религиозные образы |
| a |
Ключевые слова |
религиозные события |
| a |
Ключевые слова |
святые |
| a |
Ключевые слова |
христианская мифология |
| a |
Ключевые слова |
христианская религия |
| a |
Ключевые слова |
христианские деятели |
| a |
Ключевые слова |
христианские святые |
| a |
Ключевые слова |
христианское вероисповедание |
| a |
Ключевые слова |
христианство |
| 686 |
Индексы других классификаций |
__ |
| 2 |
Код системы |
rubbks |
| a |
Классификационный индекс |
86.37-3,81 |
| 700 |
Автор |
_1 |
| a |
Фамилия |
Аслан |
| b |
Имя |
Р. |
| f |
Даты |
1972- |
| g |
Полное личное имя |
Реза |
| 4 |
Код отношения |
070 |
| 702 |
Вторичная интеллектуальная ответственность |
_1 |
| a |
Фамилия |
Новикова |
| b |
Имя |
Т. |
| 4 |
Код отношения |
Переводчик |
| 4 |
Код отношения |
730 |
| 801 |
Источник записи |
_0 |
| a |
Страна |
RU |
| b |
Организация |
Муниципальное бюджетное учреждение культуры "Централизованная библиотечная система" г. Сургут (Центральная городская библиотека им. А. С. Пушкина) |
| c |
Дата составления |
20150205 |
| g |
Правила каталогизации |
КиК/Апакова |
| 801 |
Источник записи |
_1 |
| a |
Страна |
RU |
| b |
Организация |
Муниципальное бюджетное учреждение культуры "Централизованная библиотечная система" г. Сургут (Центральная городская библиотека им. А. С. Пушкина) |
| c |
Дата составления |
20150205 |
| g |
Правила каталогизации |
КиК/Апакова |
| 852 |
Данные о местонахождении |
__ |
| j |
Шифр хранения |
86.37-3,81 |
| i |
Авторский знак |
А 90 |
| 901 |
Тип документа |
__ |
| t |
Тип документа |
m |
| 903 |
Характеристики (МАРС) |
__ |
| a |
Дата передачи |
20150205 |
| 990 |
Данные о заказе (DOS) |
__ |
| j |
Количество экземпляров (DOS) |
4 |
| t |
N записи в КСУ для И/У (DOS) |
201502 |